Cold Breezes and Idiot Winds Patriotic Correctness and the Post-9/11 Assault on Academe /

After 9/11, rightists capitalized on an atmosphere of fear and confusion to resuscitate the “culture wars” of the 1990s and once again targeted the academy. Using tactics reminiscent of the McCarthy era, religious firebrands, militant neoconservatives, and free market fundamentalists engaged in a co...

Full description

Bibliographic Details
Corporate Author: SpringerLink (Online service)
Other Authors: Annibale, Valerie Scatamburlo-D’ (Editor)
Format: Electronic eBook
Language:English
Published: Rotterdam : SensePublishers, 2011.
Series:Transgressions: Cultural Studies and Education ; 70
Subjects:
Online Access:Full Text via HEAL-Link
LEADER 03279nam a22004215i 4500
001 978-94-6091-409-6
003 DE-He213
005 20151030111631.0
007 cr nn 008mamaa
008 111117s2011 ne | s |||| 0|eng d
020 |a 9789460914096  |9 978-94-6091-409-6 
024 7 |a 10.1007/978-94-6091-409-6  |2 doi 
040 |d GrThAP 
050 4 |a LC8-6691 
072 7 |a JNF  |2 bicssc 
072 7 |a EDU034000  |2 bisacsh 
082 0 4 |a 379  |2 23 
245 1 0 |a Cold Breezes and Idiot Winds  |h [electronic resource] :  |b Patriotic Correctness and the Post-9/11 Assault on Academe /  |c edited by Valerie Scatamburlo-D’ Annibale. 
264 1 |a Rotterdam :  |b SensePublishers,  |c 2011. 
300 |a XXVII, 247 p.  |b online resource. 
336 |a text  |b txt  |2 rdacontent 
337 |a computer  |b c  |2 rdamedia 
338 |a online resource  |b cr  |2 rdacarrier 
347 |a text file  |b PDF  |2 rda 
490 1 |a Transgressions: Cultural Studies and Education ;  |v 70 
520 |a After 9/11, rightists capitalized on an atmosphere of fear and confusion to resuscitate the “culture wars” of the 1990s and once again targeted the academy. Using tactics reminiscent of the McCarthy era, religious firebrands, militant neoconservatives, and free market fundamentalists engaged in a concerted effort to silence voices critical of the ‘war on terror’ and liken legitimate dissent to treason. Brandishing a discourse of “patriotic correctness” (PC) that was informed by American ‘exceptionalism,’ Christian nationalism, anti-intellectualism, and virulent anti-liberalism, this coalition portrayed the professoriate as a dangerous cabal seeking the demise of ‘Western civilization.’ In Cold Breezes and Idiot Winds, Scatamburlo-D’Annibale explains why the most recent assault on academe must be understood in relation to the right’s broader offensive against liberalism. For decades, conservatives have worked diligently to construct a network of foundations, think tanks, and campus organizations dedicated to demonizing progressive thought, the legacy of the New Deal era, and the democratic social reforms of the 1960s. The author provides a detailed examination of this ideological infrastructure and how it advanced the agenda of PC post-9/11. She explores how the campaign for PC was aided and abetted by a right-wing media apparatus, how it continues to threaten academic freedom on campuses, and how it is currently infecting the larger body politic and contributing to the increased toxicity of the nation’s public dialogue. While purveyors of PC often invoke “culture war” rhetoric, Scatamburlo-D’Annibale adroitly reveals that their ultimate aim is to protect corporate power from any form of democratic accountability. 
650 0 |a Education. 
650 0 |a Educational policy. 
650 0 |a ducation and state. 
650 1 4 |a Education. 
650 2 4 |a Educational Policy and Politics. 
700 1 |a Annibale, Valerie Scatamburlo-D’.  |e editor. 
710 2 |a SpringerLink (Online service) 
773 0 |t Springer eBooks 
830 0 |a Transgressions: Cultural Studies and Education ;  |v 70 
856 4 0 |u http://dx.doi.org/10.1007/978-94-6091-409-6  |z Full Text via HEAL-Link 
912 |a ZDB-2-SHU 
950 |a Humanities, Social Sciences and Law (Springer-11648)